Y por eso rompimos / (Registro nro. 946)
[ vista simple ]
| 000 -LEADER | |
|---|---|
| fixed length control field | 02153nam a22003137a 4500 |
| 003 - CONTROL NUMBER IDENTIFIER | |
| control field | AR-RoUNCS |
| 005 - DATE AND TIME OF LATEST TRANSACTION | |
| control field | 20260306121633.0 |
| 007 - PHYSICAL DESCRIPTION FIXED FIELD--GENERAL INFORMATION | |
| fixed length control field | ta |
| 008 - FIXED-LENGTH DATA ELEMENTS--GENERAL INFORMATION | |
| fixed length control field | 140414s2013 ag a dr 000 f spa |
| 015 ## - NATIONAL BIBLIOGRAPHY NUMBER | |
| National bibliography number | AR-2013 |
| 020 ## - INTERNATIONAL STANDARD BOOK NUMBER | |
| International Standard Book Number | 978-987-04-2840-4 |
| 040 ## - CATALOGING SOURCE | |
| Original cataloging agency | AR-BaBN |
| Language of cataloging | spa |
| Transcribing agency | AR-RoUNCS |
| Description conventions | aacr |
| 041 1# - LANGUAGE CODE | |
| Language code of text/sound track or separate title | spa |
| Language code of original | eng |
| 044 ## - COUNTRY OF PUBLISHING/PRODUCING ENTITY CODE | |
| MARC country code | ag |
| ISO country code | ar-c |
| 080 1# - UNIVERSAL DECIMAL CLASSIFICATION NUMBER | |
| Universal Decimal Classification number | 82-31(73) |
| Edition identifier | 2016 |
| 100 1# - MAIN ENTRY--PERSONAL NAME | |
| Personal name | Handler, Daniel, |
| Dates associated with a name | 1970- |
| Relator term | autor |
| 245 10 - TITLE STATEMENT | |
| Title | Y por eso rompimos / |
| Statement of responsibility, etc. | escrito por Daniel Handler ; ilustrado por Maira Kalman. |
| 250 ## - EDITION STATEMENT | |
| Edition statement | 1a ed. |
| 260 ## - PUBLICATION, DISTRIBUTION, ETC. | |
| Place of publication, distribution, etc. | Buenos Aires : |
| Name of publisher, distributor, etc. | Alfaguara, |
| Date of publication, distribution, etc. | 2013. |
| 300 ## - PHYSICAL DESCRIPTION | |
| Extent | 348, [6] p. : |
| Other physical details | il. col. ; |
| Dimensions | 23 cm. |
| 500 ## - GENERAL NOTE | |
| General note | Título original: Why We Broke Up / traducción, Montserrat Nieto Sánchez |
| 520 3# - SUMMARY, ETC. | |
| Summary, etc. | Y por eso rompimos es la historia de una ruptura; una historia de amor con sabor agridulce que nos lleva a los lugares más intensos y románticos de la relación entre Min y Ed, pero también a los instantes de incomprensión que han acabado con su historia de amor. Min está de camino a casa de Ed, lleva una caja en sus brazos; una caja repleta de todos esos buenos y malos momentos que han marcado su relación. Una relación tan real como la vida misma. La historia de Min y Ed podría ser la tuya… Te entrego esta caja, Ed. Dentro está todo. La entrada de cine para ver la película en la que nos dimos nuestro primer beso, aquella nota tuya que tanto significó para mí, el peine del hotel donde perdimos el sentido… y algo más, el plano que dibujamos para intentar asistir a mi fiesta y a la tuya, tan incompatibles como nosotros, la goma con la que me recogí el pelo la primera vez que cocinamos juntos, todos estos pétalos, ya secos, el bolígrafo con el que escribo esta carta y el resto de cosas. Te devuelvo la caja y todos los recuerdos que contiene, Ed. Aquí la tienes. Toda nuestra historia. Toda la historia de por qué rompimos. |
| Assigning source | (Descripción del editor). |
| 650 #7 - SUBJECT ADDED ENTRY--TOPICAL TERM | |
| Topical term or geographic name entry element | Literatura norteamericana |
| Source of heading or term | embne |
| 655 #7 - INDEX TERM--GENRE/FORM | |
| Source of term | embne |
| Genre/form data or focus term | Novelas juveniles |
| 655 #7 - INDEX TERM--GENRE/FORM | |
| Source of term | embne |
| Genre/form data or focus term | Novelas de amor |
| 700 1# - ADDED ENTRY--PERSONAL NAME | |
| Personal name | Kalman, Maira |
| Relator term | il. |
| 700 1# - ADDED ENTRY--PERSONAL NAME | |
| Personal name | Nieto Sánchez, Montserrat |
| Relator term | tr. |
| 942 ## - ADDED ENTRY ELEMENTS (KOHA) | |
| Source of classification or shelving scheme | Universal Decimal Classification |
| Koha item type | Obra General |
| Suppress in OPAC | No |
| Withdrawn status | Lost status | Source of classification or shelving scheme | Damaged status | Not for loan | Collection | Home library | Current library | Date acquired | Total checkouts | Total renewals | Full call number | Barcode | Date due | Date last seen | Date last checked out | Price effective from | Koha item type |
|---|---|---|---|---|---|---|---|---|---|---|---|---|---|---|---|---|---|
| Universal Decimal Classification | Colección General | Biblioteca Escuela de Ciencias Sociales | Biblioteca Escuela de Ciencias Sociales | 06/03/2026 | 2 | 3 | 82-31(73) H236 | 000237 | 01/06/2026 | 17/04/2026 | 17/04/2026 | 06/03/2026 | Obra General |